Dictionary of literary terms and literary theory (Record no. 992)

MARC details
000 -LEADER
fixed length control field 00484 a2200169 4500
001 - CONTROL NUMBER
control field 067004
003 - CONTROL NUMBER IDENTIFIER
control field OSt
005 - DATE AND TIME OF LATEST TRANSACTION
control field 20211025163456.0
008 - FIXED-LENGTH DATA ELEMENTS--GENERAL INFORMATION
fixed length control field
082 ## - DEWEY DECIMAL CLASSIFICATION NUMBER
Classification number 803
Item number C89P
100 1# - MAIN ENTRY--PERSONAL NAME
Personal name Cuddon, J.A.
245 1# - TITLE STATEMENT
Title Dictionary of literary terms and literary theory
Statement of responsibility, etc by J.A. Cuddon
260 ## - PUBLICATION, DISTRIBUTION, ETC. (IMPRINT)
Place of publication, distribution, etc London
Name of publisher, distributor, etc Penguin
Date of publication, distribution, etc 1999
300 ## - PHYSICAL DESCRIPTION
Extent 991p.
690 ## - LOCAL SUBJECT ADDED ENTRY--TOPICAL TERM (OCLC, RLIN)
Topical term or geographic name as entry element Criticism; Literature; English language; Literary form; Literature--Terminology
942 ## - ADDED ENTRY ELEMENTS (KOHA)
Source of classification or shelving scheme Dewey Decimal Classification
Koha item type Books
Holdings
Withdrawn status Lost status Source of classification or shelving scheme Damaged status Not for loan Collection code Home library Current library Date acquired Source of acquisition Cost, normal purchase price Full call number Barcode Date last seen Price effective from Koha item type
    Dewey Decimal Classification     General Text Book Central University Of Rajasthan Central University Of Rajasthan 07/03/2012 ENG 399.00 803 C89P 1290 21/11/2024 02/09/2020 Books